[Event "Mecklenburg VP LL2 Ost 1718"]
[Site "Mecklenburg VP"]
[Date "2018.02.25"]
[Round "6.7"]
[White "Schmidt, Paul1111"]
[Black "Isigkeit, Hans Juergen"]
[Result "1-0"]
[WhiteElo "1590"]
[BlackElo "1540"]
[PlyCount "41"]
[EventDate "2017.10.08"]
[EventType "team-tourn"]
[EventRounds "9"]
[EventCountry "GER"]
[SourceTitle "EXT 2022"]
[Source "ChessBase"]
[SourceDate "2021.10.06"]
[SourceVersion "1"]
[SourceVersionDate "2021.10.06"]
[SourceQuality "1"]
[WhiteTeam "Torgelow Droegeheide II"]
[BlackTeam "Stralsund FHSG II"]
[WhiteTeamCountry "GER"]
[BlackTeamCountry "GER"]

1. e4 c5 2. d4 cxd4 3. c3 e5 4. Nf3 Nc6 5. cxd4 Bb4+ 6. Bd2 exd4 7. Nxd4 Bxd2+ 8. Qxd2 Nf6 9. Nc3 0-0 10. Bc4 a6 11. Rd1 Nxd4 12. Qxd4 b5 13. Bb3 Bb7 14. 0-0 Qc7 15. e5 Qc6 16. f3 Ne8 17. Qxd7 Qb6+ 18. Kh1 g6 19. e6 Nf6 20. exf7+ Kg7 21. Qe7 1-0